Zákon o obaloch a jeho dopad na obchod a spotrebiteľa
Dňa 19. augusta 2002 bol v NR SR schválený Zákon o obaloch, ktorý uzákoňuje povinnosť obchodu vykupovať zálohové nevratné obaly, ktoré zákon nekonkretizuje a preto to môžu byť nevratné flaše z PET, sklenené flaše, plechovice od nápojov a p. Konkretizácia druhov obalov je na pracovníkov Ministerstva...
Enregistré dans:
| Auteur principal: | |
|---|---|
| Format: | Chapitre de livre |
| Langue: | slovaque |
| Sujets: | |
| Tags: |
Pas de tags, Soyez le premier à ajouter un tag!
|
MARC
| LEADER | 00000naa a2200000 4500 | ||
|---|---|---|---|
| 001 | r046946 | ||
| 005 | 20230920080912.2 | ||
| 041 | 0 | |a slo | |
| 044 | |a SK | ||
| 245 | 1 | 0 | |a Zákon o obaloch a jeho dopad na obchod a spotrebiteľa |c Pavol Konštiak |
| 520 | |a Dňa 19. augusta 2002 bol v NR SR schválený Zákon o obaloch, ktorý uzákoňuje povinnosť obchodu vykupovať zálohové nevratné obaly, ktoré zákon nekonkretizuje a preto to môžu byť nevratné flaše z PET, sklenené flaše, plechovice od nápojov a p. Konkretizácia druhov obalov je na pracovníkov Ministerstva životného prostredia. Problémy s tým spojené. | ||
| 610 | 2 | 0 | |a obaly |
| 610 | 2 | 0 | |a technika obalová |
| 610 | 2 | 0 | |a úpravy právne |
| 610 | 2 | 0 | |a ochrana prostredia životného |
| 610 | 2 | 0 | |a Slovensko |
| 610 | 2 | 0 | |a spotrebitelia |
| 610 | 2 | 0 | |a obchod |
| 100 | 1 | |a Konštiak, Pavol | |